[Event "Toronto Closed-D"]
[Site "Toronto CAN"]
[Date "2022.11.07"]
[Round "8"]
[White "Kolpashnikova, Kamila"]
[Black "D'Souza, Carina"]
[Result "1/2-1/2"]
[WhiteElo "1490"]
[BlackElo "1854"]
[PlyCount "54"]
[EventDate "2022.09.12"]
[EventType "tourn"]
[EventRounds "9"]
[EventCountry "CAN"]

1. d4 Nf6 2. c4 g6 3. Nc3 Bg7 4. e4 d6 5. Nf3 O-O 6. Be2 e5 7. d5 Nbd7 8. O-O
Nc5 9. Nd2 a5 10. Re1 Nfd7 11. Nb3 f5 12. exf5 gxf5 13. Nxc5 Nxc5 14. f4 e4 15.
Be3 Nd7 16. g4 fxg4 17. Bxg4 Nf6 18. Be6+ Bxe6 19. dxe6 Qe8 20. f5 Qh5 21. Qxh5
Nxh5 22. Rf1 Bxc3 23. bxc3 Ng7 24. Kh1 Nxf5 25. Rg1+ Kh8 26. Bd4+ Nxd4 27. cxd4
c6 1/2-1/2

[Event "Toronto Closed-D"]
[Site "Toronto CAN"]
[Date "2022.11.07"]
[Round "8"]
[White "Quick, Bryan"]
[Black "Abbarin, Shabnam"]
[Result "1-0"]
[WhiteElo "1713"]
[BlackElo "1469"]
[PlyCount "111"]
[EventDate "2022.09.12"]
[EventType "tourn"]
[EventRounds "9"]
[EventCountry "CAN"]

1. c4 e6 2. Nf3 Nf6 3. Nc3 b6 4. b3 Be7 5. Bb2 Bb7 6. e3 O-O 7. Be2 d6 8. d4
Nbd7 9. O-O d5 10. Qc2 dxc4 11. bxc4 Rc8 12. e4 Ne8 13. Rad1 c6 14. e5 f5 15.
Qa4 Qc7 16. Rfe1 a6 17. Bf1 g5 18. Bc1 Qd8 19. Qc2 g4 20. Nd2 Bg5 21. Nb3 h5
22. d5 cxd5 23. cxd5 Bxd5 24. Bxa6 Rc7 25. Qd3 Bxc1 26. Nxd5 Nc5 27. Nxc5 Qxd5
28. Qxd5 exd5 29. Ne6 Bh6 30. Bb5 Rc5 31. Nxc5 bxc5 32. Bxe8 Rxe8 33. Rxd5 c4
34. Re2 c3 35. Rc2 Rb8 36. Kf1 Bd2 37. Ke2 Kf7 38. Rd6 Re8 39. Rf6+ Kg7 40.
Rxf5 Kg6 41. Rf6+ Kg5 42. Rc6 Rxe5+ 43. Kd3 Rd5+ 44. Kc4 Rf5 45. Rc5 Rxc5+ 46.
Kxc5 Kf5 47. Kd4 Be1 48. a4 h4 49. Kd3 g3 50. fxg3 hxg3 51. hxg3 Kg4 52. Rxc3
Bxg3 53. Rc4+ Kf5 54. a5 Ke6 55. a6 Bf2 56. Rc7 1-0

[Event "Toronto Closed-D"]
[Site "Toronto CAN"]
[Date "2022.11.07"]
[Round "8"]
[White "Sirkovich, Daniel"]
[Black "Moran-Venegas, Mario"]
[Result "1/2-1/2"]
[WhiteElo "1773"]
[BlackElo "1732"]
[PlyCount "66"]
[EventDate "2022.09.12"]
[EventType "tourn"]
[EventRounds "9"]
[EventCountry "CAN"]

1. e4 c5 2. Nf3 d6 3. d4 cxd4 4. Nxd4 Nf6 5. Nc3 a6 6. h3 g6 7. g4 Bg7 8. Bg2
O-O 9. O-O Nc6 10. Be3 Ne5 11. g5 Nh5 12. Nf5 Bxf5 13. exf5 Rb8 14. fxg6 hxg6
15. Rb1 Nc4 16. Qd3 Nxe3 17. Qxe3 Be5 18. Ne2 Ng7 19. Ng3 Ne6 20. Ne2 Qa5 21.
f4 Bg7 22. a3 Qf5 23. c3 b5 24. b4 Qc2 25. Bd5 Nc7 26. Bb3 Qf5 27. Rbd1 d5 28.
Rd3 e5 29. fxe5 Qxe5 30. Qxe5 Bxe5 31. Bxd5 Nxd5 32. Rxd5 Rbe8 33. Rfd1 Bh2+
1/2-1/2

[Event "Toronto Closed-D"]
[Site "Toronto CAN"]
[Date "2022.11.14"]
[Round "8"]
[White "Tseng, Elliot"]
[Black "Liu, Sean"]
[Result "0-1"]
[WhiteElo "1532"]
[BlackElo "1518"]
[PlyCount "100"]
[EventDate "2022.09.12"]
[EventType "tourn"]
[EventRounds "9"]
[EventCountry "CAN"]

1. e4 c5 2. Nf3 Nc6 3. Bb5 d6 4. d4 cxd4 5. Nxd4 Bd7 6. O-O g6 7. Be3 Bg7 8. c4
Nf6 9. Nc3 O-O 10. h3 a6 11. Ba4 Rc8 12. Rc1 Ne5 13. Bxd7 Nfxd7 14. b3 Nc5 15.
Rc2 Ned3 16. Rd2 Nb4 17. a3 Nc6 18. b4 Nxd4 19. Bxd4 Bxd4 20. Rxd4 Ne6 21. Rd3
Rxc4 22. e5 Nf4 23. exd6 Nxd3 24. dxe7 Qxe7 25. Qxd3 Rcc8 26. Nd5 Qd6 27. Qd4
Rcd8 28. Nf6+ Kh8 29. Qh4 Kg7 30. Ng4 h5 31. Ne3 Qf6 32. Qe4 b5 33. Nd5 Qc6 34.
Qe5+ Kh6 35. Ne3 Qd6 36. Qe4 f5 37. Qf3 f4 38. Rd1 Qe5 39. Rxd8 Rxd8 40. Nf1
Rd6 41. h4 g5 42. hxg5+ Qxg5 43. Qa8 Qg7 44. Qf3 Rf6 45. Nd2 Qg4 46. Qc3 Qg7
47. Ne4 Rg6 48. Qf3 Rg4 49. Nd6 Qa1+ 50. Kh2 Rh4+ 0-1

[Event "Toronto Closed-D"]
[Site "Toronto CAN"]
[Date "2022.11.21"]
[Round "9"]
[White "D'Souza, Carina"]
[Black "Tseng, Elliot"]
[Result "1-0"]
[WhiteElo "1854"]
[BlackElo "1518"]
[PlyCount "45"]
[EventDate "2022.09.12"]
[EventType "tourn"]
[EventRounds "9"]
[EventCountry "CAN"]

1. e4 e5 2. Nf3 Nc6 3. Bc4 Nf6 4. d3 h6 5. c3 g5 6. O-O Bg7 7. Nbd2 d6 8. Bb3
Bg4 9. Nc4 Bh5 10. Ne3 g4 11. Nf5 Kf8 12. N3h4 g3 13. Qd2 gxh2+ 14. Kh1 Ne7 15.
f4 Ng4 16. Ng3 Nf6 17. fxe5 dxe5 18. Nxh5 Nxh5 19. Rxf7+ Ke8 20. Qd1 Ng3+ 21.
Kxh2 Nd5 22. Qg4 Bf6 23. Qe6+ 1-0

[Event "Toronto Closed-D"]
[Site "Toronto CAN"]
[Date "2022.11.24"]
[Round "9"]
[White "Liu, Sean"]
[Black "Sirkovich, Daniel"]
[Result "1-0"]
[WhiteElo "1532"]
[BlackElo "1773"]
[PlyCount "71"]
[EventDate "2022.09.12"]
[EventType "tourn"]
[EventRounds "9"]
[EventCountry "CAN"]

1. e4 c6 2. Nf3 d5 3. Nc3 dxe4 4. Nxe4 Nf6 5. Nxf6+ exf6 6. d4 Bd6 7. Be2 Na6
8. c3 Nc7 9. O-O O-O 10. Bd2 Bf5 11. Bc4 Nd5 12. Bxd5 cxd5 13. Re1 Qc7 14. h3
Rfe8 15. Nh4 Rxe1+ 16. Qxe1 Be4 17. g3 Qd7 18. Qf1 g5 19. f3 Bxg3 20. fxe4 Bxh4
21. Be1 Bxe1 22. Rxe1 Kg7 23. e5 f5 24. Qf3 Kg6 25. Re2 Re8 26. Rg2 f6 27. h4
h6 28. hxg5 hxg5 29. Rh2 g4 30. Qf4 Qg7 31. exf6 Kxf6 32. Rh6+ Ke7 33. Qd6+ Kf7
34. Qxd5+ Kf8 35. Qxf5+ Qf7 36. Rf6 1-0

[Event "Toronto Closed-D"]
[Site "Toronto CAN"]
[Date "2022.11.21"]
[Round "9"]
[White "Moran-Venegas, Mario"]
[Black "Adulfo, Vincent Angel"]
[Result "0-1"]
[WhiteElo "1732"]
[BlackElo "1654"]
[PlyCount "74"]
[EventDate "2022.09.12"]
[EventType "tourn"]
[EventRounds "9"]
[EventCountry "CAN"]

1. c4 Nf6 2. g3 g6 3. Bg2 Bg7 4. e3 c5 5. Ne2 O-O 6. O-O e5 7. Nbc3 d6 8. d4
Nc6 9. d5 Ne7 10. e4 Bd7 11. a3 Qc8 12. Nb5 Ne8 13. Be3 a6 14. Nbc3 Bh3 15. f4
Bxg2 16. Kxg2 f5 17. fxe5 Bxe5 18. Bh6 Rf7 19. Qd2 Nf6 20. exf5 Nxf5 21. Bf4
Qd7 22. Bxe5 dxe5 23. Qg5 Raf8 24. Rf2 Ng4 25. Rf3 Nh4+ 26. Qxh4 Rxf3 27. Ne4
Rf2+ 28. Nxf2 Rxf2+ 29. Kg1 Rxe2 30. Rf1 e4 31. h3 Nh2 32. Qf4 Nxf1 33. Kxf1
Rxb2 34. Qb8+ Kf7 35. Qh8 Qf5+ 36. Ke1 Qf2+ 37. Kd1 Qf1# 0-1

[Event "Toronto Closed-D"]
[Site "Toronto CAN"]
[Date "2022.11.21"]
[Round "9"]
[White "Tenkov, Arkady"]
[Black "Quick, Bryan"]
[Result "1-0"]
[WhiteElo "1445"]
[BlackElo "1713"]
[PlyCount "67"]
[EventDate "2022.09.12"]
[EventType "tourn"]
[EventRounds "9"]
[EventCountry "CAN"]

1. e4 Nf6 2. e5 Nd5 3. c4 Nb6 4. d4 d6 5. f4 g6 6. Nf3 Bg7 7. Be3 dxe5 8. fxe5
Bg4 9. h3 Bxf3 10. Qxf3 Nc6 11. Qf2 O-O 12. Nc3 Na5 13. b3 c5 14. dxc5 Bxe5 15.
Rc1 Nd7 16. Be2 Nf6 17. O-O Bxc3 18. Rxc3 Ne4 19. Qe1 Nxc3 20. Qxc3 f6 21. Bh6
Rf7 22. Bf3 e6 23. Re1 Nc6 24. Bxc6 bxc6 25. Rxe6 Qd1+ 26. Kh2 Qh5 27. Qe3 Raf8
28. Bxf8 Kxf8 29. Rxc6 Qf5 30. Re6 Rd7 31. c6 Rd3 32. Rxf6+ Qxf6 33. Qxd3 Qxc6
34. Qf3+ 1-0

[Event "Toronto May Norm"]
[Site "Toronto CAN"]
[Date "2022.05.16"]
[Round "1"]
[White "Ivanov, Mike"]
[Black "Song, Michael"]
[Result "1/2-1/2"]
[WhiteElo "2342"]
[BlackElo "2408"]
[PlyCount "66"]
[EventDate "2022.05.16"]
[EventType "tourn"]
[EventRounds "9"]
[EventCountry "CAN"]

1. e4 c5 2. Nf3 Nc6 3. Bb5 e5 4. O-O Bd6 5. c3 a6 6. Bc4 Nf6 7. Re1 O-O 8. a4
Bc7 9. d3 h6 10. Nbd2 Rb8 11. h3 d6 12. Qe2 Be6 13. Nf1 b5 14. axb5 axb5 15.
Bxe6 fxe6 16. Be3 Qd7 17. Ng3 b4 18. d4 bxc3 19. dxe5 cxb2 20. Rad1 b1=Q 21.
Rxb1 dxe5 22. Bxc5 Rfd8 23. Qc4 Kh7 24. Be3 Rbc8 25. Kh2 Nd4 26. Red1 Bb8 27.
Qa6 Rc6 28. Qa4 Nxf3+ 29. gxf3 Bd6 30. Rd2 Rdc8 31. Rdb2 Qf7 32. Rb6 Qe8 33.
Rxc6 Qxc6 1/2-1/2

[Event "Toronto May Norm"]
[Site "Toronto CAN"]
[Date "2022.05.16"]
[Round "1"]
[White "Jaferian, Koosha"]
[Black "Wang, Tianqi"]
[Result "0-1"]
[WhiteElo "2218"]
[BlackElo "2331"]
[PlyCount "106"]
[EventDate "2022.05.16"]
[EventType "tourn"]
[EventRounds "9"]
[EventCountry "CAN"]

1. d4 Nf6 2. c4 c5 3. d5 a6 4. a4 e6 5. Nc3 d6 6. Nf3 Qe7 7. Nd2 g6 8. e4 Bg7
9. Be2 a5 10. f3 e5 11. Nf1 Na6 12. Be3 h5 13. Qd2 Ng8 14. O-O-O Bh6 15. g3 Bh3
16. Bxh6 Nxh6 17. Ne3 O-O-O 18. Bf1 Bd7 19. Bg2 f5 20. Nc2 Nb4 21. Rde1 fxe4
22. fxe4 h4 23. Ref1 Nf7 24. b3 Ng5 25. Nxb4 axb4 26. Nd1 Rh7 27. Qe2 Kc7 28.
Kb2 Rdh8 29. Ne3 h3 30. Bf3 Rf7 31. Rhg1 Nh7 32. Bg4 Nf6 33. Bxd7 Qxd7 34. Qd3
Rhf8 35. g4 Nh7 36. Rxf7 Rxf7 37. Rf1 Ng5 38. Kc2 Rf4 39. Rxf4 exf4 40. Nf1
Qxg4 41. e5 Nf3 42. exd6+ Kxd6 43. Kc1 Qg2 44. a5 Ne5 45. Qd1 Qa2 46. Qc2 Qa1+
47. Qb1 Nd3+ 48. Kc2 Qc3+ 49. Kd1 f3 50. Nd2 Nf2+ 51. Ke1 Qe3+ 52. Kf1 Qe2+ 53.
Kg1 Nd3 0-1

[Event "Toronto May Norm"]
[Site "Toronto CAN"]
[Date "2022.05.16"]
[Round "1"]
[White "Li, Yunshan"]
[Black "Ouellet, Maili-Jade"]
[Result "1-0"]
[WhiteElo "2262"]
[BlackElo "2193"]
[PlyCount "115"]
[EventDate "2022.05.16"]
[EventType "tourn"]
[EventRounds "9"]
[EventCountry "CAN"]

1. d4 Nf6 2. c4 e6 3. g3 d5 4. Bg2 Be7 5. Nf3 O-O 6. Qc2 c5 7. O-O cxd4 8. Nxd4
Nc6 9. Nxc6 bxc6 10. b3 a5 11. Nc3 e5 12. Rd1 Be6 13. Bg5 Rc8 14. e3 Qc7 15.
Bxf6 Bxf6 16. Qe2 e4 17. Rac1 Qb7 18. cxd5 cxd5 19. Qb5 Qxb5 20. Nxb5 Bb2 21.
Rc7 Be5 22. Ra7 Ra8 23. Rc1 g6 24. Rc5 Rfc8 25. Rxa8 Rxa8 26. Bxe4 dxe4 27.
Rxe5 Rc8 28. Kg2 a4 29. Nd4 axb3 30. axb3 Bf5 31. Nxf5 gxf5 32. b4 Rc4 33. b5
Rb4 34. Rxf5 Kg7 35. g4 Kg6 36. Kg3 Kg7 37. Kf4 Kg6 38. h4 Kg7 39. g5 Kf8 40.
h5 Ke7 41. Re5+ Kd6 42. Rxe4 Rxb5 43. Re8 h6 44. g6 fxg6 45. hxg6 Rg5 46. Ra8
Rg2 47. g7 Rxg7 48. Ra6+ Kd5 49. e4+ Kd4 50. Rd6+ Kc4 51. Rxh6 Kd3 52. e5 Kd4
53. Rd6+ Kc5 54. Rd2 Rf7+ 55. Ke4 Kc6 56. f4 Rh7 57. e6 Rh1 58. Ke5 1-0

[Event "Toronto May Norm"]
[Site "Toronto CAN"]
[Date "2022.05.16"]
[Round "1"]
[White "Oancea, Nicolae"]
[Black "Duong, Thanh Nha"]
[Result "0-1"]
[WhiteElo "1855"]
[BlackElo "2188"]
[PlyCount "90"]
[EventDate "2022.05.16"]
[EventType "tourn"]
[EventRounds "9"]
[EventCountry "CAN"]

1. e4 c5 2. Be2 Nc6 3. f4 g6 4. Nf3 Bg7 5. d3 d6 6. c3 Nf6 7. O-O O-O 8. Kh1
Rb8 9. Be3 b5 10. Nbd2 b4 11. d4 bxc3 12. bxc3 cxd4 13. cxd4 d5 14. e5 Ng4 15.
Bg1 f6 16. Nb3 fxe5 17. fxe5 Bh6 18. Ne1 Rxf1 19. Bxf1 Qf8 20. Nf3 Bf5 21. Bd3
Nb4 22. Bxf5 Qxf5 23. Qe2 Nc2 24. Nh4 Qe4 25. Qxe4 dxe4 26. Rb1 Bg5 27. g3 Bxh4
28. gxh4 e3 29. h3 e2 30. hxg4 e1=Q 31. Rxe1 Nxe1 32. d5 Nf3 33. Bxa7 Ra8 34.
Nd4 Nxe5 35. Bc5 Kf7 36. d6 Nd7 37. Bb4 e5 38. Nc6 Rxa2 39. g5 e4 40. Kg1 Ke6
41. Nd8+ Kf5 42. Nf7 Kg4 43. Be1 Kf3 44. Nh6 e3 45. Ng8 Ra1 0-1

[Event "Toronto May Norm"]
[Site "Toronto CAN"]
[Date "2022.05.16"]
[Round "1"]
[White "Plotkin, Mark"]
[Black "Talukdar, Rohan"]
[Result "1-0"]
[WhiteElo "2350"]
[BlackElo "2323"]
[PlyCount "71"]
[EventDate "2022.05.16"]
[EventType "tourn"]
[EventRounds "9"]
[EventCountry "CAN"]

1. d4 Nf6 2. Nc3 d5 3. Bf4 a6 4. e3 b5 5. Qf3 Bb7 6. g4 b4 7. g5 bxc3 8. gxf6
cxb2 9. Rb1 gxf6 10. Rxb2 Qc8 11. Bh3 e6 12. Ne2 Nd7 13. Bg3 f5 14. Nf4 Rb8 15.
O-O Bd6 16. Rfb1 Nb6 17. Bf1 Qd7 18. Nh5 Qe7 19. Bd3 Rg8 20. Kf1 Bxg3 21. hxg3
a5 22. Qf4 Kd7 23. Qe5 Kc8 24. Nf6 Rg6 25. Nh5 f6 26. Qf4 Ra8 27. Qf3 Ba6 28.
Nf4 Rg5 29. Rxb6 cxb6 30. Rxb6 Bxd3+ 31. cxd3 e5 32. Qxd5 Ra7 33. Ne6 Rg6 34.
Qc6+ Rc7 35. Nxc7 Qxc7 36. Qe8+ 1-0

[Event "Toronto May Norm"]
[Site "Toronto CAN"]
[Date "2022.05.16"]
[Round "2"]
[White "Li, Yunshan"]
[Black "Plotkin, Mark"]
[Result "0-1"]
[WhiteElo "2262"]
[BlackElo "2350"]
[PlyCount "216"]
[EventDate "2022.05.16"]
[EventType "tourn"]
[EventRounds "9"]
[EventCountry "CAN"]

1. d4 Nf6 2. c4 g6 3. Nc3 d5 4. cxd5 Nxd5 5. g3 Bg7 6. Bg2 Nb6 7. Nf3 O-O 8.
O-O Nc6 9. d5 Na5 10. Qc2 Bg4 11. Rd1 Qc8 12. Be3 c6 13. dxc6 Nxc6 14. Bxb6
axb6 15. Nd5 Ra5 16. Nxb6 Qf5 17. Qxf5 Bxf5 18. Rd2 Be6 19. a3 Rb5 20. Na4 Ra8
21. Nc3 Bxc3 22. bxc3 Rxa3 23. Rxa3 Rb1+ 24. Bf1 Bh3 25. Rd8+ Nxd8 26. Nd2 Rd1
27. Ra2 Be6 28. c4 b5 29. Kg2 bxc4 30. Rc2 Bd5+ 31. Kg1 c3 32. Nf3 Ne6 33. Rxc3
g5 34. h3 h5 35. Rc2 Ra1 36. Rd2 Ba8 37. Nd4 Nc7 38. Nc2 Rc1 39. Ne3 Be4 40.
Rd1 Rc5 41. Bg2 Bg6 42. Rd4 Ne6 43. Rc4 Re5 44. Kf1 Ra5 45. Be4 Kg7 46. Bxg6
Kxg6 47. f4 gxf4 48. gxf4 Ng7 49. Kf2 e6 50. Rd4 Ra3 51. Rd3 Ra4 52. Kf3 Ne8
53. Rd1 Kf6 54. Nf1 Nc7 55. Ng3 Nd5 56. e3 h4 57. Nf1 Ra2 58. Kg4 Rg2+ 59. Kf3
Rg1 60. e4 Nc3 61. Rc1 Nb5 62. Kf2 Rg8 63. Rc5 Rb8 64. Ne3 Ke7 65. f5 Nd6 66.
f6+ Kd7 67. Kf3 Rb4 68. e5 Ne4 69. Rc2 Ng5+ 70. Kg2 Rb3 71. Rd2+ Kc6 72. Rc2+
Kb5 73. Nc4 Rg3+ 74. Kf1 Rf3+ 75. Kg2 Rg3+ 76. Kf1 Kc5 77. Ne3+ Kd4 78. Ng4
Rxh3 79. Rc7 Rf3+ 80. Ke2 Rf4 81. Rd7+ Ke4 82. Nh6 Kxe5 83. Nxf7+ Nxf7 84. Rxf7
Rxf6 85. Rh7 Rf4 86. Ke3 Ra4 87. Rh5+ Kf6 88. Rh6+ Kf5 89. Rh5+ Kg6 90. Re5 Kf6
91. Rh5 e5 92. Ke2 Re4+ 93. Kf3 Kg6 94. Rh8 Rf4+ 95. Ke3 Kf5 96. Rh5+ Kf6 97.
Rh8 Kg5 98. Re8 Kf5 99. Rh8 Kg4 100. Rg8+ Kh3 101. Rg5 Rg4 102. Rxe5 Kg2 103.
Ra5 h3 104. Ra2+ Kg3 105. Ra1 h2 106. Rb1 Kg2 107. Rb2+ Kh3 108. Rb1 Rg1 0-1

[Event "Toronto May Norm"]
[Site "Toronto CAN"]
[Date "2022.05.16"]
[Round "2"]
[White "Ouellet, Maili-Jade"]
[Black "Duong, Thanh Nha"]
[Result "1-0"]
[WhiteElo "2193"]
[BlackElo "2188"]
[PlyCount "63"]
[EventDate "2022.05.16"]
[EventType "tourn"]
[EventRounds "9"]
[EventCountry "CAN"]

1. d4 Nf6 2. c4 e6 3. Nc3 Bb4 4. f3 d5 5. a3 Bxc3+ 6. bxc3 c5 7. cxd5 exd5 8.
e3 Bf5 9. Ne2 O-O 10. g4 Bd7 11. Nf4 Bc6 12. Bd3 Re8 13. h4 Nfd7 14. Qc2 Nf8
15. g5 Na6 16. Kf2 Nc7 17. Bd2 Rc8 18. Nh5 Bb5 19. Bf5 Bd7 20. Bd3 Nb5 21. Qa2
c4 22. Bc2 Qe7 23. e4 dxe4 24. fxe4 Ne6 25. a4 Nbxd4 26. cxd4 Nxd4 27. Ng3 Bc6
28. Rhe1 Qd7 29. Bd1 c3 30. Bxc3 Bxe4 31. Rxe4 Rxc3 32. Qd5 1-0

[Event "Toronto May Norm"]
[Site "Toronto CAN"]
[Date "2022.05.16"]
[Round "2"]
[White "Song, Michael"]
[Black "Oancea, Nicolae"]
[Result "1-0"]
[WhiteElo "2408"]
[BlackElo "1855"]
[PlyCount "61"]
[EventDate "2022.05.16"]
[EventType "tourn"]
[EventRounds "9"]
[EventCountry "CAN"]

1. d4 Nf6 2. c4 e5 3. dxe5 Ng4 4. Bf4 Bb4+ 5. Nd2 Nc6 6. e3 Ngxe5 7. a3 Bxd2+
8. Qxd2 d6 9. Qc3 b6 10. Bg3 Qf6 11. Ne2 Bb7 12. Nf4 O-O-O 13. Rc1 Ng4 14. Be2
Qxc3+ 15. Rxc3 Nf6 16. f3 Kb8 17. O-O Ne5 18. Rd1 h5 19. Bh4 Rdg8 20. Bxf6 gxf6
21. Kf2 h4 22. Nd5 Nd7 23. b4 Rg5 24. Bf1 Rd8 25. e4 Rh5 26. Bd3 Bxd5 27. cxd5
Kb7 28. Rdc1 Rc8 29. Bb5 Ne5 30. f4 a6 31. Be2 1-0

[Event "Toronto May Norm"]
[Site "Toronto CAN"]
[Date "2022.05.16"]
[Round "2"]
[White "Talukdar, Rohan"]
[Black "Jaferian, Koosha"]
[Result "1-0"]
[WhiteElo "2323"]
[BlackElo "2218"]
[PlyCount "109"]
[EventDate "2022.05.16"]
[EventType "tourn"]
[EventRounds "9"]
[EventCountry "CAN"]

1. e4 c6 2. d4 d5 3. Nc3 dxe4 4. Nxe4 Nf6 5. Nxf6+ exf6 6. c3 Bd6 7. Bd3 O-O 8.
Qc2 Re8+ 9. Ne2 h5 10. Be3 Nd7 11. Ng3 Bf4 12. O-O Bxg3 13. hxg3 Nf8 14. c4 Be6
15. Rfd1 Rc8 16. a4 g6 17. a5 a6 18. Qb3 Re7 19. Be2 Rd7 20. Bf3 Bg4 21. Bxg4
hxg4 22. d5 f5 23. Bb6 Qg5 24. d6 Ne6 25. Be3 Qh5 26. Qc3 c5 27. Rd5 Rc6 28.
Rad1 Qh8 29. Qa3 f6 30. Qc3 Kf7 31. b4 cxb4 32. Qxb4 Qh7 33. c5 Rc8 34. Qa4 Kf8
35. Rb1 Nd8 36. Rd2 Nc6 37. Rdb2 Qf7 38. Rb6 Kg7 39. Qa1 Kh7 40. Qc3 Nd8 41.
Qb2 Kg7 42. Rb3 Rc6 43. f3 gxf3 44. gxf3 Rc8 45. Kg2 Qd5 46. Bd4 Rf7 47. Rd1
Qc6 48. Re1 Qd5 49. Re8 Qc6 50. Rbe3 f4 51. R3e7 Rxe7 52. Bxf6+ Kh6 53. Rxe7
Qd5 54. Bg7+ Kh7 55. Bf8+ 1-0

[Event "Toronto May Norm"]
[Site "Toronto CAN"]
[Date "2022.05.16"]
[Round "2"]
[White "Wang, Tianqi"]
[Black "Ivanov, Mike"]
[Result "1/2-1/2"]
[WhiteElo "2331"]
[BlackElo "2342"]
[PlyCount "62"]
[EventDate "2022.05.16"]
[EventType "tourn"]
[EventRounds "9"]
[EventCountry "CAN"]

1. d4 e6 2. Nf3 Nf6 3. Bf4 c5 4. c3 Be7 5. h3 b6 6. Nbd2 Ba6 7. e4 Bxf1 8. Kxf1
O-O 9. Qe2 d5 10. e5 Nfd7 11. g4 Nc6 12. Kg2 Rb8 13. h4 Re8 14. Nf1 b5 15. Qe3
Rb7 16. Ng3 b4 17. g5 bxc3 18. bxc3 Qa5 19. h5 cxd4 20. cxd4 Qa3 21. Qe2 Nf8
22. Bc1 Qa4 23. Be3 Reb8 24. Rhd1 Na5 25. Qa6 Qb5 26. Qxb5 Rxb5 27. Nd2 Ba3 28.
Rab1 Nd7 29. Ne2 Bb4 30. Rdc1 R5b7 31. Rc2 Kf8 1/2-1/2

[Event "Toronto May Norm"]
[Site "Toronto CAN"]
[Date "2022.05.17"]
[Round "3"]
[White "Duong, Thanh Nha"]
[Black "Song, Michael"]
[Result "0-1"]
[WhiteElo "2188"]
[BlackElo "2408"]
[PlyCount "128"]
[EventDate "2022.05.16"]
[EventType "tourn"]
[EventRounds "9"]
[EventCountry "CAN"]

1. Nf3 f5 2. d4 Nf6 3. Bg5 e6 4. g3 d5 5. Bg2 Bd6 6. O-O Nbd7 7. Nbd2 Qe7 8. c4
c6 9. Rb1 h6 10. Bf4 Bxf4 11. gxf4 Ne4 12. Ne5 Nxe5 13. fxe5 O-O 14. Nxe4 fxe4
15. Qd2 Bd7 16. f3 exf3 17. Bxf3 Be8 18. cxd5 cxd5 19. Rbc1 Bg6 20. Kh1 Kh7 21.
a3 Rf7 22. Rg1 Bf5 23. Qe1 Qd7 24. Rc5 b6 25. Rc3 Raf8 26. Qg3 Qb5 27. b4 a5
28. bxa5 bxa5 29. h4 Kh8 30. Kh2 Qb2 31. Qe1 Be4 32. Rg2 Bxf3 33. exf3 Qb6 34.
Rc5 Rxf3 35. Qc1 Qd8 36. Rg4 Rf2+ 37. Kg1 Qe7 38. Rc8 Rxc8 39. Qxc8+ Rf8 40.
Qc3 Qf7 41. Rg2 Qf1+ 42. Kh2 Rf2 43. Rxf2 Qxf2+ 44. Kh3 Qf5+ 45. Kg3 h5 46. Kg2
Qe4+ 47. Kf1 Qh1+ 48. Ke2 Qg2+ 49. Kd1 Qg4+ 50. Kc2 Qe2+ 51. Kb1 Qb5+ 52. Ka1
Qc4 53. Qe3 Kg8 54. Kb1 Qf1+ 55. Kc2 Kf7 56. Kb3 Qd1+ 57. Kc3 Ke8 58. Qg3 Qc1+
59. Kb3 Qc4+ 60. Kb2 Qxd4+ 61. Kb1 Kf7 62. Qf3+ Kg6 63. Qg2+ Qg4 64. Qd2 a4 0-1

[Event "Toronto May Norm"]
[Site "Toronto CAN"]
[Date "2022.05.17"]
[Round "3"]
[White "Ivanov, Mike"]
[Black "Talukdar, Rohan"]
[Result "1/2-1/2"]
[WhiteElo "2342"]
[BlackElo "2323"]
[PlyCount "78"]
[EventDate "2022.05.16"]
[EventType "tourn"]
[EventRounds "9"]
[EventCountry "CAN"]

1. e4 c5 2. Nf3 d6 3. d4 cxd4 4. Qxd4 Nc6 5. Qe3 g6 6. Be2 Bg4 7. O-O Bg7 8. h3
Bxf3 9. Bxf3 Nf6 10. Rd1 O-O 11. a3 Qc7 12. Be2 Rfc8 13. c4 Qb6 14. Qxb6 axb6
15. Nd2 Bh6 16. Bf1 Bxd2 17. Bxd2 Nxe4 18. Be3 Nc5 19. Rac1 Ne5 20. f4 Ned7 21.
g4 Na4 22. Bd4 Ndc5 23. Rb1 Nb3 24. Bf2 Nac5 25. Rd5 Ra5 26. Re1 Ne6 27. Rd3
Nbc5 28. Rde3 Nd7 29. b4 Raa8 30. f5 Nd4 31. Bg2 Nc2 32. Bxb7 Nxe3 33. Rxe3 Kf8
34. fxg6 hxg6 35. Rc3 Rcb8 36. Bxa8 Rxa8 37. Kf1 e5 38. g5 Ke7 39. Ke2 Ke6
1/2-1/2

[Event "Toronto May Norm"]
[Site "Toronto CAN"]
[Date "2022.05.17"]
[Round "3"]
[White "Jaferian, Koosha"]
[Black "Li, Yunshan"]
[Result "1/2-1/2"]
[WhiteElo "2218"]
[BlackElo "2262"]
[PlyCount "95"]
[EventDate "2022.05.16"]
[EventType "tourn"]
[EventRounds "9"]
[EventCountry "CAN"]

1. Nf3 Nf6 2. b3 d5 3. Bb2 Bg4 4. e3 Nbd7 5. d4 e6 6. Be2 Bd6 7. O-O c6 8. c4
O-O 9. Nbd2 Qe7 10. Ne5 Bxe2 11. Qxe2 Ba3 12. Ndf3 Bxb2 13. Qxb2 Rfd8 14. Rfd1
Nxe5 15. Nxe5 Nd7 16. Nd3 Qd6 17. Rac1 h6 18. h3 Re8 19. Rd2 Rad8 20. Rcd1 Qe7
21. Rc2 Rc8 22. Rdc1 Qd6 23. Rd2 Rc7 24. Rdc2 dxc4 25. Rxc4 e5 26. Nxe5 Nxe5
27. dxe5 Qxe5 28. Qd2 Qe7 29. Rd1 c5 30. a4 b6 31. Qd6 Qxd6 32. Rxd6 Kf8 33.
Rd5 Rec8 34. e4 Ke8 35. f4 Rd7 36. Rxd7 Kxd7 37. Kf2 Kc6 38. Ke3 Rd8 39. Rc3 f6
40. Rd3 Rxd3+ 41. Kxd3 a6 42. h4 h5 43. g3 b5 44. a5 Kd6 45. Kc3 Ke6 46. Kd3
Kf7 47. Kc3 Ke6 48. Kd3 1/2-1/2

[Event "Toronto May Norm"]
[Site "Toronto CAN"]
[Date "2022.05.17"]
[Round "3"]
[White "Oancea, Nicolae"]
[Black "Wang, Tianqi"]
[Result "0-1"]
[WhiteElo "1855"]
[BlackElo "2331"]
[PlyCount "51"]
[EventDate "2022.05.16"]
[EventType "tourn"]
[EventRounds "9"]
[EventCountry "CAN"]

1. e4 d5 2. exd5 Qxd5 3. Nc3 Qa5 4. d4 Nf6 5. Nf3 Bf5 6. Bd3 e6 7. O-O Nc6 8.
Bd2 Bxd3 9. cxd3 Qf5 10. Qb3 O-O-O 11. Be3 Bd6 12. Rad1 h5 13. Qb5 Nd5 14. Nxd5
exd5 15. a3 f6 16. Qa4 Kb8 17. b4 g5 18. b5 Ne7 19. Qb3 Ng6 20. a4 h4 21. Ne1
Rde8 22. a5 Nf4 23. Nc2 Ne2+ 24. Kh1 h3 25. f3 hxg2+ 26. Kxg2 0-1

[Event "Toronto May Norm"]
[Site "Toronto CAN"]
[Date "2022.05.17"]
[Round "3"]
[White "Plotkin, Mark"]
[Black "Ouellet, Maili-Jade"]
[Result "1-0"]
[WhiteElo "2350"]
[BlackElo "2193"]
[PlyCount "111"]
[EventDate "2022.05.16"]
[EventType "tourn"]
[EventRounds "9"]
[EventCountry "CAN"]

1. d4 d5 2. c4 e6 3. Nc3 Nf6 4. Nf3 Be7 5. e3 O-O 6. b3 b6 7. Bd3 c5 8. dxc5
bxc5 9. O-O Nc6 10. cxd5 exd5 11. Bb2 Be6 12. Rc1 c4 13. Bb1 cxb3 14. axb3 Rb8
15. Ne2 Na5 16. Ned4 Qb6 17. Ng5 g6 18. Ndxe6 fxe6 19. Qd3 Qxb3 20. Bc3 Qb5 21.
Nxe6 Rfc8 22. Be5 Rxc1 23. Rxc1 Qxd3 24. Bxd3 Rb7 25. h3 Ne4 26. Nf4 Nc5 27.
Be2 Nd7 28. Bc3 Nb3 29. Rd1 Nb6 30. Bf3 Rc7 31. Nxd5 Nxd5 32. Bxd5+ Kf8 33. Be5
Rc5 34. Bb8 a6 35. Bxb3 Rb5 36. Bd6 Rxb3 37. Bxe7+ Kxe7 38. Ra1 Rb6 39. f4 Kd6
40. Kf2 Kc5 41. Kf3 Rd6 42. g4 Kb4 43. f5 a5 44. Kf4 gxf5 45. gxf5 Ra6 46. e4
Kc5 47. Ke5 Kc6 48. Kf6 Kc5+ 49. Kg7 Ra7+ 50. Kf6 Ra6+ 51. Ke5 Kc6 52. Rd1 Ra8
53. f6 a4 54. f7 a3 55. Kf6 a2 56. Kg7 1-0

[Event "Toronto May Norm"]
[Site "Toronto CAN"]
[Date "2022.05.17"]
[Round "4"]
[White "Li, Yunshan"]
[Black "Ivanov, Mike"]
[Result "1/2-1/2"]
[WhiteElo "2262"]
[BlackElo "2342"]
[PlyCount "109"]
[EventDate "2022.05.16"]
[EventType "tourn"]
[EventRounds "9"]
[EventCountry "CAN"]

1. d4 Nf6 2. c4 c5 3. d5 e6 4. Nc3 exd5 5. cxd5 d6 6. Nf3 g6 7. Bf4 Bg7 8. h3
O-O 9. e3 Na6 10. Bc4 Nc7 11. O-O a6 12. a4 b6 13. e4 Bb7 14. Rb1 b5 15. axb5
axb5 16. Nxb5 Nxb5 17. Bxb5 Nxe4 18. Qd3 Qb6 19. Bc4 Rae8 20. Be3 Qb4 21. Nd2
Nf6 22. Bf4 Rd8 23. Be3 Nd7 24. Qa3 Ne5 25. Qxb4 cxb4 26. Rfd1 Rc8 27. Bb3 f5
28. Bd4 Nf7 29. Bxg7 Kxg7 30. Rbc1 g5 31. Nf3 Kf6 32. Nd4 Rxc1 33. Rxc1 Re8 34.
Rc7 Re7 35. Rxe7 Kxe7 36. Nxf5+ Kf6 37. Ne3 Ne5 38. Bc2 h5 39. f3 Ba6 40. Be4
Nd3 41. Nc2 Nxb2 42. Nxb4 Bc4 43. g3 Nd1 44. f4 gxf4 45. gxf4 Nc3 46. Bf3 Kf5
47. Kf2 Kxf4 48. Bxh5 Nxd5 49. Nxd5+ Bxd5 50. Ke2 Be6 51. Kd3 Kg3 52. Bg4 Bxg4
53. hxg4 Kxg4 54. Kd4 d5 55. Kxd5 1/2-1/2